The Constitution of Bhutan: (Record no. 19856)
[ view plain ]
| 000 -LEADER | |
|---|---|
| fixed length control field | 00532nam a22001697a 4500 |
| 003 - CONTROL NUMBER IDENTIFIER | |
| control field | BT-SaRUSC |
| 005 - DATE AND TIME OF LATEST TRANSACTION | |
| control field | 20260306103950.0 |
| 008 - FIXED-LENGTH DATA ELEMENTS--GENERAL INFORMATION | |
| fixed length control field | 260306b |||||||| |||| 00| 0 eng d |
| 020 ## - INTERNATIONAL STANDARD BOOK NUMBER | |
| International Standard Book Number | 9789993665878 |
| 040 ## - CATALOGING SOURCE | |
| Transcribing agency | BT-SaRUSC |
| 086 ## - GOVERNMENT DOCUMENT CLASSIFICATION NUMBER | |
| Number source | RUB Library information and Services Manual |
| Classification number | A9.2 |
| 100 ## - MAIN ENTRY--PERSONAL NAME | |
| Personal name | Lyonpo Sonam Tobgye |
| 9 (RLIN) | 201 |
| 245 ## - TITLE STATEMENT | |
| Title | The Constitution of Bhutan: |
| Remainder of title | Principles and Philosophies / |
| Statement of responsibility, etc | Lyonpo Sonam Tobgye |
| 541 ## - IMMEDIATE SOURCE OF ACQUISITION NOTE | |
| Accession number | GD 2340-GD2344 |
| 650 ## - SUBJECT ADDED ENTRY--TOPICAL TERM | |
| Topical term or geographic name as entry element | A9.2 Election Commission of Bhutan |
| 9 (RLIN) | 202 |
| 942 ## - ADDED ENTRY ELEMENTS (KOHA) | |
| Source of classification or shelving scheme | Dewey Decimal Classification |
| Koha item type | Government Document |
| Withdrawn status | Lost status | Source of classification or shelving scheme | Damaged status | Not for loan | Home library | Current library | Shelving location | Date acquired | Inventory number | Total Checkouts | Full call number | Barcode | Date last seen | Price effective from | Koha item type |
|---|---|---|---|---|---|---|---|---|---|---|---|---|---|---|---|
| Dewey Decimal Classification | Samtse College of Education | Samtse College of Education | 06/03/2026 | GD 2340 | A9.2 SON | GD2340 | 06/03/2026 | 06/03/2026 | Government Document | ||||||
| Dewey Decimal Classification | Samtse College of Education | Samtse College of Education | 06/03/2026 | GD 2341 | A9.2 SON | GD2341 | 06/03/2026 | 06/03/2026 | Government Document | ||||||
| Dewey Decimal Classification | Samtse College of Education | Samtse College of Education | 06/03/2026 | GD 2342 | A9.2 SON | GD2342 | 06/03/2026 | 06/03/2026 | Government Document | ||||||
| Dewey Decimal Classification | Samtse College of Education | Samtse College of Education | 06/03/2026 | GD 2343 | A9.2 SON | GD2343 | 06/03/2026 | 06/03/2026 | Government Document | ||||||
| Dewey Decimal Classification | Samtse College of Education | Samtse College of Education | 06/03/2026 | GD 2344 | A9.2 SON | GD2344 | 06/03/2026 | 06/03/2026 | Government Document |
